[Event "Karksi rapid op"]
[Site "Karksi Nuia"]
[Date "2009.07.31"]
[Round "3"]
[White "Soot, Margus"]
[Black "Molder, Rudolf"]
[Result "1-0"]
[WhiteElo "2327"]
[BlackElo "1852"]
[PlyCount "79"]
[EventDate "2009.07.31"]
[EventType "swiss (rapid)"]
[EventRounds "7"]
[EventCountry "EST"]
[SourceTitle "EXT 2018"]
[Source "ChessBase"]
[SourceDate "2017.10.13"]
[SourceVersion "1"]
[SourceVersionDate "2017.10.13"]
[SourceQuality "1"]

1. e4 e5 2. f4 exf4 3. Nf3 d6 4. d4 Ne7 5. Bxf4 Ng6 6. Be3 Be7 7. Nc3 0-0 8. Qd2 c5 9. 0-0-0 Qa5 10. Kb1 Nc6 11. d5 Nce5 12. h4 Bf6 13. Ng5 Ng4 14. Bg1 h5 15. Be2 N6e5 16. Nf3 a6 17. Ka1 b5 18. Nb1 b4 19. Rf1 Qa4 20. Ng5 c4 21. c3 a5 22. Nh3 Qd7 23. Nf4 g6 24. Bd4 a4 25. cxb4 Qb7 26. a3 Bg7 27. Nc3 Bh6 28. g3 Bd7 29. Qe1 Rae8 30. Bd1 Bxf4 31. gxf4 Nd3 32. Qg3 Rxe4 33. Nxe4 Re8 34. Nf6+ Kf8 35. Bxg4 Bxg4 36. Nxe8 Kxe8 37. Qe3+ Kd7 38. Re1 Qxd5 39. Qe8+ Kc7 40. Re7+ 1-0